000 00277nam a22001217a 4500
008 181106b xxu||||| |||| 00| 0 eng d
041 _aeng
080 _a370
100 _a49
101 _aEDU
245 _aWord Pak Building Through Literature
_cRobert.L
942 _2udc
_cBK
999 _c51999
_d51999